| 000 | 00965nam a2200181Ia 4500 | ||
|---|---|---|---|
| 008 | 090124s9999 xx 000 0 und d | ||
| 082 |
_b24443 _a2517 |
||
| 100 | _aसाळुंखे आ. ह. | ||
| 245 | _a संतवाणी मधुरा संतवाणी चतुरा(संतकवींच्या अभंगांचा अभिनव वाङमयीन मरा | ||
| 250 | _a1 | ||
| 260 | _c1983 | ||
| 300 | _a264+24 | ||
| 600 | _aसाळुंखे आ. ह. | ||
| 630 | _a संतवाणी मधुरा संतवाणी चतुरा(संतकवींच्या अभंगांचा अभिनव वाङमयीन मरा | ||
| 700 | _aसाळुंखे आ. ह. | ||
| 730 | _a संतवाणी मधुरा संतवाणी चतुरा(संतकवींच्या अभंगांचा अभिनव वाङमयीन मरा | ||
| 942 | _cBOOK | ||
| 999 |
_c138004 _d138004 |
||